Library Banner

Theories of terrorism : (Record no. 139909)

MARC details
000 -LEADER
fixed length control field 00458nam a22001577a 4500
005 - DATE AND TIME OF LATEST TRANSACTION
control field 20260226093402.0
008 - FIXED-LENGTH DATA ELEMENTS--GENERAL INFORMATION
fixed length control field 260226b |||||||| |||| 00| 0 eng d
020 ## - INTERNATIONAL STANDARD BOOK NUMBER
International Standard Book Number 9780367457617 (hbk)
040 ## - CATALOGING SOURCE
Transcribing agency PK-LaUMT
082 ## - DEWEY DECIMAL CLASSIFICATION NUMBER
Classification number 363.32501
Item number THE-
245 ## - TITLE STATEMENT
Title Theories of terrorism :
Remainder of title contemporary perspectives /
Statement of responsibility, etc edited by Murat Haner and Melissa M. Sloan
260 ## - PUBLICATION, DISTRIBUTION, ETC. (IMPRINT)
Place of publication, distribution, etc New York :
Name of publisher, distributor, etc Routledge,
Date of publication, distribution, etc 2022
300 ## - PHYSICAL DESCRIPTION
Extent 383 p.
650 ## - SUBJECT ADDED ENTRY--TOPICAL TERM
Topical term or geographic name as entry element Terrorism
942 ## - ADDED ENTRY ELEMENTS (KOHA)
Koha item type Books
Holdings
Withdrawn status Lost status Damaged status Home library Current library Date acquired Full call number Barcode Date last seen Price effective from Koha item type
      UMT Main Campus UMT Main Campus 2026-02-26 363.32501 THE- 151694 2026-02-26 2026-02-26 Books